Simulačná štúdia výroby bloku motora

Guardado en:
Detalles Bibliográficos
Autor principal: Moncman, Adrián (Autor)
Otros Autores: Červeňanská, Zuzana (Orientador)
Formato: Manuscrito Libro
Lenguaje:eslovaco
Publicado: 2023
Materias:
Acceso en línea:http://is.stuba.sk/zp/portal_zp.pl?podrobnosti=170567
Etiquetas: Agregar Etiqueta
Sin Etiquetas, Sea el primero en etiquetar este registro!

MARC

LEADER 00000ntm a22000003a 4500
001 stuzp93427
003 SK-STU
005 20230909215020.2
007 ta
008 150427s2015----xo-----f-mn---000-0-slo-d
040 |a STU  |b slo 
041 0 |a slo 
100 1 |a Moncman, Adrián  |u 066000  |4 aut  |U MTF Materiálovotechnologická fakulta  |T MTF Ústav aplikovanej informatiky, automatizácie a mechatroniky  |X 97182  |U M6000  |Y 86  |7 97182 
242 0 1 |a The simulation study of engine block manufacturing process  |y eng 
245 1 0 |a Simulačná štúdia výroby bloku motora 
260 |c 2023 
650 4 |a Witness  |2 slo 
650 4 |a spotreba energie  |2 slo 
650 4 |a batéria  |2 slo 
650 4 |a simulačný model  |2 slo 
650 4 |a experiment  |2 slo 
650 4 |a Witness  |2 eng 
650 4 |a energy concumption  |2 eng 
650 4 |a battery  |2 eng 
650 4 |a simulation model  |2 eng 
650 4 |a experiment  |2 eng 
700 1 |a Červeňanská, Zuzana  |u 066000  |k Z1  |4 ths  |U MTF Materiálovotechnologická fakulta  |T MTF Ústav aplikovanej informatiky, automatizácie a mechatroniky  |X 1459  |U M6000  |Y 86  |7 A000001459 
856 4 |u http://is.stuba.sk/zp/portal_zp.pl?podrobnosti=170567 
996 |c M* DP-15198  |l MMSKP  |s P  |a 0  |w stuzp93427_0001